| 000 | 01520pam a2200409 a 4500 | ||
|---|---|---|---|
| 001 | 3353017 | ||
| 003 | OSt | ||
| 005 | 20260427085536.0 | ||
| 008 | 870102s1987 cau b 001 0 eng | ||
| 010 | _a 86033706 | ||
| 020 |
_a155542046X _qalk. paper |
||
| 035 | _a3353017 | ||
| 040 |
_aDLC _cDLC _dDLC |
||
| 050 | 0 | 0 |
_aHM131 _b.S569 1997 |
| 082 | 0 | 0 |
_a302.3 _219 |
| 100 | 1 | _aSmith, Kenwyn K. | |
| 245 | 1 | 0 |
_aParadoxes of group life : _bunderstanding conflict, paralysis, and movement in group dynamics / _cKenwyn K. Smith, David N. Berg, in full collaboration. |
| 250 | _a1st ed. | ||
| 260 |
_aSan Francisco : _bJossey-Bass, _c1987. |
||
| 300 |
_axviii, 281 p. ; _c24 cm. |
||
| 336 |
_atext _btxt _2rdacontent |
||
| 337 |
_aunmediated _bn _2rdamedia |
||
| 338 |
_avolume _bnc _2rdacarrier |
||
| 440 | 0 | _aJossey-Bass management series | |
| 440 | 0 | _aJossey-Bass social and behavioral science series | |
| 500 | _aIncludes index. | ||
| 504 | _aBibliography: p. 267-274. | ||
| 650 | 0 | _aSocial groups. | |
| 650 | 0 | _aParadox. | |
| 700 | 1 |
_aBerg, David N., _d1949- |
|
| 856 | 4 | 1 |
_3Table of contents _uhttp://www.loc.gov/catdir/toc/wiley023/86033706.html |
| 856 | 4 | 2 |
_3Contributor biographical information _uhttp://www.loc.gov/catdir/enhancements/fy0706/86033706-b.html |
| 856 | 4 | 2 |
_3Publisher description _uhttp://www.loc.gov/catdir/enhancements/fy0706/86033706-d.html |
| 906 |
_a7 _bcbc _corignew _d1 _eocip _f19 _gy-gencatlg |
||
| 942 |
_2lcc _cBK _n0 |
||
| 999 |
_c23716 _d23715 |
||